000 06333nam0a22007571 4500
001 RU\NLR\A1\7154
005 20260407090913.0
035 _a(NLR Aleph) 009672982
090 _a9670310
_c9670310
100 _a19970404d1791 m y0rusy50 ca
101 1 _arus
_cfre
102 _aRU
135 _acrcn 024anaba
140 _ay y ca yaa0000
200 1 _aКнига Язык;
_fпереведена с французскаго Сергеем Волчковым
205 _aВторым тиснением
210 _aВ Санктпетербурге
_cпри Императорской Академии наук
_d1791
215 _a[8], 312 с.
_d12°
306 _aНапечатано на счет Академии наук
307 _aИмеются ошибки в пагинации
310 _aТираж 620 экз.
316 _aЭкз. РНБ (18.75.6.34) в картон. коричневом цельнокожаном пер. На нижней крышке пер. ярлык с шифром РНБ. Корешок с 4-мя бинтами, с блинтовым тиснением. На корешке вытиснено: «Язык». Обрез мраморный. На форзаце написан шифр РНБ. На тит. л., с.33 и 312 круглый штамп ГПБ
_5NLR: РЗФ 18.75.6.34
316 _aЭкз. РНБ (137/14) в составном картон. пер., обтянутом мрамор. бумагой, с кожаными коричневыми корешком и уголками. На нижней крышке пер. экслибрис рус. фонда ГПБ с шифром. Корешок гладкий, с тиснением золотом, надорван снизу. Позолота почти полностью утрачена. На корешке крас. кожаная наклейка, на которой золотом вытиснено: «Книга Язык». Обрез тонир. желтый. На нахзаце техн. штамп. На тит. л. круглый штамп "Госуд. Публичн. библиотека Дублет". На обороте тит. л., с.33 и 312 круглый штамп ГПБ. Имеется ляссе из голубой шелковой тесьмы. Размер: 17,2х10,5х2,6 см
_5NLR: 137/14
316 _aЭкз. РНБ (РЗФ 18 в. 1/341) в составном картон. пер., обтянутом мрамор. бумагой, с кожаными коричневыми корешком и уголками. На нижней крышке пер. экслибрис РЗФ ГПБ с шифром. Корешок гладкий, с тиснением золотом. Позолота почти полностью утрачена. На корешке крас. кожаная наклейка, на которой золотом вытиснено: «Книга Язык.». Обрез тонир. желтый. На форзаце и нахзаце многочисл. владельч. надписи [нрзб]. На нахзаце техн. штамп. На обороте нахзаца пробы пера, росчерки и владельч. надпись карандашом 1843 г. На тит. л. круглый штамп "Госуд. Публичн. библиотека Дублет", пробы пера и рукоп. вензель "Ж"
_5NLR: РЗФ 18 в. 1/341
316 _aВ экз. РНБ (18.75.6.34) на форзаце владельч. запись: "Из книг покойнаго моего отца. В. Григорьев"
_5NLR: 18.75.6.34
316 _aВ экз. РНБ (137/14) на тит. л. владельч. запись: "Библиотека Ефремова". На нахзаце шрифтовой ярлык «Антикварная книжная торговля В.И.Клочкова»
_5NLR: 137/14
316 _aВ экз. РНБ (РЗФ 18 в. 1/341) на форзаце владельч. надпись "Сия книга принадлежит господину Сокурову" (Перевернута)
_5NLR: РЗФ 18 в. 1/341
317 _aЭкз. ЗНБ СГУ из б-ки И.А.Шляпкина
_5ЗНБ СГУ
321 1 _aСК XVIII 704
325 _aКопия доступна в Электрон. б-ке РНБ
517 1 _aЯзык
620 _dСанкт-Петербург
700 1 _6z01790
_aБорделон
_bЛ.
_f1653-1730
_gЛоран
_4070
702 1 _4730
_7ca
_8rus
_aВолчков
_bС. С.
_f1707-ок.1775
_gСергей Саввич
_9160134
_3RU\NLR\AUTH\770160175
702 1 _4390
_8rus
_7ca
_aШляпкин
_bИ. А.
_f1858-1918
_gИлья Александрович
_3RU\NLR\AUTH\7784674
_967602
702 1 _aГригорьев
_bВ.
_gВ.
_5NLR: 18.75.6.34
_4390
702 1 _4390
_8rus
_7ca
_aЕфремов
_bП. А.
_f1830-1907
_gПетр Александрович
_3RU\NLR\AUTH\7759580
_942511
702 1 _4390
_7ca
_8rus
_aКлочков
_bВ. И.
_fок.1861-1915
_gВасилий Иванович
_9172600
_3RU\NLR\AUTH\770172651
702 1 _aСокуров
_5NLR: РЗФ 18 в. 1/341
_4390
712 0 2 _4610
_aАкадемическая типография
_cПетербург
_3RU\NLR\AUTH\8815379
_9303965
790 1 _6z01700
_aBordelon
_bL.
_gLaurent
_7ba
801 0 _aRU
_bNLR
_c19970404
852 _aNLR
_j18.75.6.34
852 _aNLR
_j137/14
852 _aNLR
_bРЗФ
_j18 в. 1/341
856 0 _uhttps://vivaldi.nlr.ru/bx000019194/view
856 1 _uhttps://vivaldi.nlr.ru/bx000019194/cover
856 2 _uhttps://vivaldi.nlr.ru/bx000019194/text
899 _aРГБ
899 _aБАН
899 _aЗНБ СГУ
899 _aМГУ
899 _aКостОУНБ
_y2 экз.
899 _aГПИБ
899 _aЯИАМЗ
942 _cBOOK
980 _aNB
980 3 _akpcivil2020
980 3 _akp2020
980 3 _akp
980 _aA1XVIIIv
981 2 0 _a(20) Книжные памятники РНБ
_b(20) Русский книжный фонд